LDR 00653naa#a2200169#i#450# 001 EN\INFRA-M\bibl\126110 005 20260701200044.3 011 ## _a1998-0728 100 ## _a20260618b2026####ek#y0engy0150####ca 102 ## _aRU 200 1# _aEvaluation of the Achievements of Primary Schoolchildren in the Study of Geometric Material _eJournal article 210 1# _aMoscow _cINFRA-M Academic Publishing LLC. _d2026 215 ## _a6 с. 608 ## _aJournal article _2local 675 ## _aОрганизация учебного процесса в общеобразовательной школе. 373.1 _aГеометрия. 514 _z 700 #1 _aRed'kina _gA. O. 856 4# _azh-szf.ru _u